|
|
|
|
| LEADER |
01067cam a2200253 7i4500 |
| 001 |
0000028093 |
| 005 |
20190510090000.0 |
| 020 |
|
|
|a 9789838120944 (hbk.)
|
| 020 |
|
|
|a 9838120944 (hbk.)
|
| 090 |
0 |
0 |
|a QH193.B65
|b S57 2005
|
| 245 |
0 |
0 |
|a Sipadan, Mabul, Kapalai :
|b Sabah's underwater treasure
|c Jason Isley ... [et al.].
|
| 260 |
|
|
|a Kota Kinabalu:
|b Natural History Pub. (Borneo),
|c 2005.
|
| 300 |
|
|
|a viii, 198 p.:
|b coll. ill., col. map;
|c 29 cm.
|
| 500 |
|
|
|a Includes index
|
| 650 |
0 |
0 |
|a Marine biology --
|x Pictorial works --
|z Malaysia --
|z Sabah
|
| 650 |
0 |
0 |
|a Coral reef animals --
|x Pictorial works --
|z Borneo
|
| 650 |
0 |
0 |
|a Coral reef animals --
|x Pictorial works --
|z Malaysia --
|z Sabah
|
| 650 |
0 |
0 |
|a Marine biology --
|x Pictorial works --
|z Malaysia --
|z Pulau Sipadan (Sabah)
|
| 651 |
|
0 |
|a Pulau Sipadan (Sabah)
|
| 651 |
|
0 |
|a Pulau Mabul (Sabah)
|
| 651 |
|
0 |
|a Pulau Kapalai (Sabah)
|
| 700 |
1 |
|
|a Isley, Jason
|
| 999 |
|
|
|a 0000067883
|b BOK
|c MALAYSIANA
|e Ground Floor, Bestari Jaya
|
| 999 |
|
|
|a MAL0000486
|b BOK
|c MALAYSIANA
|e Ground Floor, Bestari Jaya
|